To the frontier / (Record no. 587128)
[ view plain ]
| 000 -LEADER | |
|---|---|
| fixed length control field | 00809cam a2200241 a 4500 |
| 001 - CONTROL NUMBER | |
| control field | 242157 |
| 005 - DATE AND TIME OF LATEST TRANSACTION | |
| control field | 20211206195553.0 |
| 008 - FIXED-LENGTH DATA ELEMENTS--GENERAL INFORMATION | |
| fixed length control field | 990611s1998 enkb 000 0 eng |
| 010 ## - LIBRARY OF CONGRESS CONTROL NUMBER | |
| LC control number | 99215252 |
| 040 ## - CATALOGING SOURCE | |
| Original cataloging agency | DLC |
| Transcribing agency | DLC |
| Modifying agency | DLC |
| 043 ## - GEOGRAPHIC AREA CODE | |
| Geographic area code | a-pk--- |
| 050 00 - LIBRARY OF CONGRESS CALL NUMBER | |
| Classification number | DS377 |
| Item number | .M64 1998 |
| 082 00 - DEWEY DECIMAL CLASSIFICATION NUMBER | |
| Classification number | 915.491045 |
| Edition number | 21 |
| Author Mark | MOO |
| 100 1# - MAIN ENTRY--PERSONAL NAME | |
| Personal name | Moorhouse, Geoffrey, |
| Dates associated with a name | 1931-2009. |
| 9 (RLIN) | 85838 |
| 245 10 - TITLE STATEMENT | |
| Title | To the frontier / |
| Statement of responsibility, etc. | Geoffrey Moorhouse. |
| 260 ## - PUBLICATION, DISTRIBUTION, ETC. | |
| Place of publication, distribution, etc. | London : |
| Name of publisher, distributor, etc. | Phoenix, |
| Date of publication, distribution, etc. | 1998. |
| 300 ## - PHYSICAL DESCRIPTION | |
| Extent | 345 p. : |
| Other physical details | map ; |
| Dimensions | 20 cm. |
| 600 10 - SUBJECT ADDED ENTRY--PERSONAL NAME | |
| Personal name | Moorhouse, Geoffrey, |
| Dates associated with a name | 1931-2009 |
| General subdivision | Travel |
| Geographic subdivision | Pakistan. |
| 9 (RLIN) | 85839 |
| 651 #0 - SUBJECT ADDED ENTRY--GEOGRAPHIC NAME | |
| Geographic name | Pakistan |
| General subdivision | Description and travel. |
| 9 (RLIN) | 85840 |
| 906 ## - LOCAL DATA ELEMENT F, LDF (RLIN) | |
| a | 7 |
| b | cbc |
| c | orignew |
| d | 3 |
| e | ncip |
| f | 19 |
| g | y-gencatlg |
| 942 ## - ADDED ENTRY ELEMENTS (KOHA) | |
| Source of classification or shelving scheme | |
| Koha item type | Book |
| Withdrawn status | Lost status | Source of classification or shelving scheme | Damaged status | Not for loan | Permanent Location | Current Location | Date acquired | Total Checkouts | Full call number | Barcode | Date last seen | Price effective from | Koha item type |
|---|---|---|---|---|---|---|---|---|---|---|---|---|---|
| School of Civil and Environmental Engineering (SCEE) | School of Civil and Environmental Engineering (SCEE) | 12/06/2021 | 915.491045 MOO | NIT-13412 | 12/06/2021 | 12/06/2021 | Book |
